[Event "DVM U14w 2019"]
[Site "Neumünster GER"]
[Date "2019.12.28"]
[Round "3"]
[White "Wehling, Ida"]
[Black "Alscher, Anouk"]
[Result "0-1"]
[Termination "normal"]
[Board "7.3"]
[WhiteElo "1123"]
[BlackElo "1110"]
[WhiteTeam "Schachgemeinschaft Turm Raesfeld/Erle"]
[BlackTeam "Lübecker SV von 1873"]
[PlyCount "158"]
[WhiteFideId "16287452"]
[BlackFideId "16217292"]
[EventCountry "GER"]
[EventRounds "7"]
[EventType "team-swiss"]
[EventDate "2019.12.26"]

1. e4 e5 2. Nf3 Nc6 3. Bc4 Bc5 4. Nc3 d6 5. d3 Bg4 6. h3 Bh5 7. Be3 Bxe3 8.
fxe3 Nf6 9. O-O O-O 10. Qd2 Qd7 11. d4 exd4 12. exd4 Rfe8 13. Qd3 Qe7 14. Rae1
Rad8 15. Re3 Bxf3 16. Rfxf3 a6 17. Re2 b5 18. Bb3 Qd7 19. Rg3 Re7 20. Rf2 b4
21. Rxf6 bxc3 22. bxc3 Kf8 23. Rf4 a5 24. Ba4 Rb8 25. d5 Rb1+ 26. Kh2 Ne5 27.
Qd4 Qc8 28. Rh4 h6 29. Qe3 Qa6 30. Rf4 Ra1 31. Bb3 a4 32. c4 axb3 33. Qxb3 Qxa2
34. Qb8+ Re8 35. Qxc7 Qb1 36. Qxd6+ Kg8 37. Re3 Nxc4 38. Qd7 Rf8 39. Rc3 Ne5
40. Qd6 Ng6 41. Rg4 Qh1+ 42. Kg3 Qe1+ 43. Kh2 Qxc3 44. e5 Qxe5+ 45. Qxe5 Nxe5
46. Re4 Re8 47. c4 Nf3+ 48. gxf3 Rxe4 49. fxe4 Rf1 50. d6 Rd1 51. c5 Kf8 52. e5
Ke8 53. c6 Kd8 54. Kg3 Rf1 55. Kg2 Re1 56. c7+ Kd7 57. Kf3 Rxe5 58. Kf4 Rc5 59.
c8=Q+ Kxc8 60. Ke4 Kd7 61. Kd4 Rh5 62. Ke4 Kxd6 63. Kf4 Rxh3 64. Ke4 Rh5 65.
Kf4 Re5 66. Kg4 Ke6 67. Kf4 Kf6 68. Kf3 Kf5 69. Kg3 Re4 70. Kf3 Kg5 71. Kg3 Rf4
72. Kh3 Rg4 73. Kh2 Kf4 74. Kh3 Kf3 75. Kh2 Rg3 76. Kh1 Rg4 77. Kh2 Rh4+ 78.
Kg1 Rh3 79. Kf1 Rh1# 0-1

[Event "DVM U14w 2019"]
[Site "Neumünster GER"]
[Date "2019.12.28"]
[Round "3"]
[White "Rosin, Ida"]
[Black "Ipek, Meryem Zeynep"]
[Result "0-1"]
[Termination "normal"]
[Board "7.4"]
[WhiteElo "1389"]
[BlackElo "996"]
[WhiteTeam "Lübecker SV von 1873"]
[BlackTeam "Schachgemeinschaft Turm Raesfeld/Erle"]
[PlyCount "112"]
[WhiteFideId "16273214"]
[BlackFideId "16298390"]
[EventCountry "GER"]
[EventRounds "7"]
[EventType "team-swiss"]
[EventDate "2019.12.26"]

1. e4 e5 2. Nf3 Nc6 3. d4 exd4 4. Nxd4 Bc5 5. Be3 Qf6 6. Nxc6 Bxe3 7. fxe3 bxc6
8. Nc3 Ne7 9. Bd3 O-O 10. h3 Qh4+ 11. Ke2 d6 12. Qf1 Be6 13. Qf4 Qxf4 14. exf4
f5 15. Rhf1 d5 16. e5 Rab8 17. b3 c5 18. Kd2 c4 19. Be2 Rb4 20. Rab1 d4 21. Na4
Rd8 22. Nc5 c3+ 23. Kd1 Rb6 24. Nxe6 Rxe6 25. Bc4 Nd5 26. Bxd5 Rxd5 27. Ke2 Rg6
28. Rf2 Rg3 29. Rd1 Re3+ 30. Kf1 h6 31. Kg1 g5 32. fxg5 Rexe5 33. gxh6 Re6 34.
Rd3 Rxh6 35. Rdf3 Rf6 36. g4 f4 37. Rxf4 Rxf4 38. Rxf4 d3 39. cxd3 c2 40. Rf1
Rxd3 41. Kg2 Rd1 42. Rxd1 cxd1=Q 43. b4 Qd5+ 44. Kg3 Qg5 45. h4 Qe3+ 46. Kg2
Kg7 47. h5 Kf6 48. h6 Qxh6 49. Kf2 Qf4+ 50. Ke2 Qxg4+ 51. Kd3 Qxb4 52. Kc2 Qa3
53. Kd2 Ke5 54. Kc2 Kd4 55. Kb1 Kc3 56. Ka1 Qb2# 0-1

[Event "DVM U14w 2019"]
[Site "Neumünster GER"]
[Date "2019.12.28"]
[Round "3"]
[White "Bräutigam, Katerina"]
[Black "Heintz, Lilly"]
[Result "1-0"]
[Termination "normal"]
[Board "8.1"]
[WhiteElo "1660"]
[BlackElo "1219"]
[WhiteTeam "Elmshorner SC von 1896"]
[BlackTeam "SC Leipzig-Lindenau"]
[PlyCount "75"]
[WhiteFideId "16242980"]
[BlackFideId "16229550"]
[EventCountry "GER"]
[EventRounds "7"]
[EventType "team-swiss"]
[EventDate "2019.12.26"]

1. e4 e5 2. Nf3 Nc6 3. Bb5 d6 4. c3 Nf6 5. d3 Bd7 6. O-O g6 7. Re1 Bg7 8. Nbd2
O-O 9. d4 Re8 10. d5 Ne7 11. Bd3 c6 12. c4 a6 13. a4 Qc7 14. a5 Rf8 15. b4 Ne8
16. Ba3 f5 17. dxc6 Nxc6 18. Qb3 Kh8 19. Rac1 Be6 20. Qb1 Qd8 21. Nf1 Rc8 22.
Ne3 Qf6 23. Rcd1 Ne7 24. Rd2 Qf7 25. Ng5 Qf6 26. Nxe6 Qxe6 27. Red1 Rd8 28. Bf1
f4 29. Nd5 Nxd5 30. exd5 Qg4 31. f3 Qg5 32. c5 Rf7 33. c6 Rc7 34. cxb7 Rxb7 35.
Bxa6 Ra7 36. b5 Rb8 37. Qd3 Rba8 38. b6 1-0

[Event "DVM U14w 2019"]
[Site "Neumünster GER"]
[Date "2019.12.28"]
[Round "3"]
[White "Niesch, Sarah"]
[Black "Margaryan, Susanna"]
[Result "0-1"]
[Termination "normal"]
[Board "8.2"]
[WhiteElo "1043"]
[BlackElo "1395"]
[WhiteTeam "SC Leipzig-Lindenau"]
[BlackTeam "Elmshorner SC von 1896"]
[PlyCount "136"]
[WhiteFideId "16211294"]
[BlackFideId "16268210"]
[EventCountry "GER"]
[EventRounds "7"]
[EventType "team-swiss"]
[EventDate "2019.12.26"]

1. d4 d5 2. Nc3 Bf5 3. e3 e6 4. Nf3 Nf6 5. Bd3 Bxd3 6. cxd3 Bd6 7. e4 dxe4 8.
dxe4 Bb4 9. e5 Ne4 10. Bd2 Nxd2 11. Qxd2 O-O 12. O-O c5 13. a3 cxd4 14. Qxd4
Bxc3 15. Qxc3 Nc6 16. Rad1 Qc7 17. b4 a6 18. a4 Rac8 19. b5 axb5 20. axb5 Qa5
21. Qxa5 Nxa5 22. Ra1 b6 23. Rfd1 Rfd8 24. h3 h6 25. Rd6 Rxd6 26. exd6 Rd8 27.
Rd1 Nc4 28. d7 Kf8 29. Rc1 Nd6 30. Rc7 Nxb5 31. Rc8 Ke7 32. Ne5 Nd4 33. Rc4 f6
34. Ng6+ Kf7 35. Rxd4 Kxg6 36. Rd6 Kf7 37. Rxb6 Rxd7 38. g3 Ke7 39. Kg2 Rd6 40.
Rb7+ Rd7 41. Rb6 g6 42. g4 f5 43. Rb4 e5 44. Rb6 Rd6 45. Rb7+ Kf6 46. gxf5 Kxf5
47. Rf7+ Rf6 48. Rd7 e4 49. Rd5+ Kf4 50. Rd4 Re6 51. f3 Ke3 52. Rxe4+ Rxe4 53.
fxe4 Kxe4 54. Kg3 h5 55. Kh4 Kf5 56. Kg3 g5 57. Kg2 h4 58. Kh2 Kf4 59. Kg2 Ke3
60. Kh2 Kf3 61. Kg1 Kg3 62. Kh1 Kxh3 63. Kg1 Kg3 64. Kh1 Kf2 65. Kh2 g4 66. Kh1
h3 67. Kh2 g3+ 68. Kxh3 g2 0-1

[Event "DVM U14w 2019"]
[Site "Neumünster GER"]
[Date "2019.12.28"]
[Round "3"]
[White "Neitzel, Emma"]
[Black "Kießling, Luisa"]
[Result "1-0"]
[Termination "normal"]
[Board "8.3"]
[WhiteElo "931"]
[BlackElo "865"]
[WhiteTeam "Elmshorner SC von 1896"]
[BlackTeam "SC Leipzig-Lindenau"]
[PlyCount "69"]
[WhiteFideId "16298373"]
[BlackFideId "16298420"]
[EventCountry "GER"]
[EventRounds "7"]
[EventType "team-swiss"]
[EventDate "2019.12.26"]

1. d4 d5 2. c4 dxc4 3. e4 Nc6 4. Nf3 Nf6 5. Nc3 Bg4 6. Be2 e6 7. h3 Bh5 8. Bg5
h6 9. Bh4 Bb4 10. e5 Be7 11. exf6 Bxf6 12. Bxf6 Qxf6 13. O-O O-O 14. Ne5 Nxe5
15. dxe5 Qxe5 16. Bxh5 Rad8 17. Qe2 Qf6 18. Rad1 Rde8 19. Qxc4 c6 20. Rd7 g6
21. Bf3 b5 22. Qd4 e5 23. Qd6 Re6 24. Qc7 Ree8 25. Bg4 Re7 26. Ne4 Qg7 27. Rfd1
h5 28. Nd6 Ra8 29. Bf3 Kh7 30. Nxf7 Ree8 31. Ng5+ Kh6 32. Rxg7 Kxg5 33. Qd6 e4
34. Qxg6+ Kh4 35. Qg3# 1-0

[Event "DVM U14w 2019"]
[Site "Neumünster GER"]
[Date "2019.12.28"]
[Round "3"]
[White "Göllnitz, Cölestine"]
[Black "Margaryan, Sofia"]
[Result "1-0"]
[Termination "normal"]
[Board "8.4"]
[WhiteElo "800"]
[BlackElo "777"]
[WhiteTeam "SC Leipzig-Lindenau"]
[BlackTeam "Elmshorner SC von 1896"]
[PlyCount "71"]
[WhiteFideId "16298438"]
[BlackFideId "16268229"]
[EventCountry "GER"]
[EventRounds "7"]
[EventType "team-swiss"]
[EventDate "2019.12.26"]

1. e4 d5 2. f3 e5 3. Nc3 Nf6 4. d4 Bd6 5. Bd3 c6 6. Be3 Be6 7. Qd2 h6 8. O-O-O
O-O 9. Nge2 b6 10. Ng3 c5 11. Bxh6 Re8 12. Bxg7 Kxg7 13. Qg5+ Kf8 14. Qh6+ Ke7
15. exd5 Rh8 16. Qg5 Qg8 17. Qxg8 Rxg8 18. dxe6 Kxe6 19. Bc4+ Ke7 20. Nf5+ Kd7
21. Bxf7 Rxg2 22. dxe5 Kc7 23. Rxd6 Nbd7 24. exf6 Rf8 25. Nb5+ Kd8 26. Nh6 a6
27. Rhd1 axb5 28. Rxd7+ Kc8 29. Nf5 Rxh2 30. b3 Rh7 31. Nd6+ Kb8 32. Rb7+ Ka8
33. Re1 Rhh8 34. Ree7 Rd8 35. Ra7+ Kb8 36. Reb7# 1-0

[Event "DVM U14w 2019"]
[Site "Neumünster GER"]
[Date "2019.12.28"]
[Round "4"]
[White "Hellenbroich, Helene"]
[Black "Heintz, Lilly"]
[Result "1/2-1/2"]
[Termination "normal"]
[Board "5.1"]
[WhiteElo "1346"]
[BlackElo "1219"]
[WhiteTeam "Lübecker SV von 1873"]
[BlackTeam "SC Leipzig-Lindenau"]
[PlyCount "54"]
[WhiteFideId "16270754"]
[BlackFideId "16229550"]
[EventCountry "GER"]
[EventRounds "7"]
[EventType "team-swiss"]
[EventDate "2019.12.26"]

1. e4 e5 2. Bc4 Nf6 3. d3 Bc5 4. Be3 Bb6 5. Nf3 d6 6. c3 Nc6 7. Nbd2 Qe7 8. O-O
Bxe3 9. fxe3 b6 10. Bb5 Bb7 11. Qa4 Qd7 12. d4 a6 13. Bxc6 Bxc6 14. Qc2 Qe7 15.
d5 Bb7 16. Qa4+ Qd7 17. Qxd7+ Nxd7 18. Ng5 O-O 19. Rf2 h6 20. Ngf3 a5 21. Nh4
g6 22. Rf3 Kh7 23. Raf1 f6 24. Rg3 Rg8 25. Rh3 Raf8 26. Rf2 Bc8 27. Rg3 Nc5
1/2-1/2

[Event "DVM U14w 2019"]
[Site "Neumünster GER"]
[Date "2019.12.28"]
[Round "4"]
[White "Niesch, Sarah"]
[Black "Gossing, Marie-Sophie"]
[Result "0-1"]
[Termination "normal"]
[Board "5.2"]
[WhiteElo "1043"]
[BlackElo "1263"]
[WhiteTeam "SC Leipzig-Lindenau"]
[BlackTeam "Lübecker SV von 1873"]
[PlyCount "86"]
[WhiteFideId "16211294"]
[BlackFideId "16217284"]
[EventCountry "GER"]
[EventRounds "7"]
[EventType "team-swiss"]
[EventDate "2019.12.26"]

1. d4 d5 2. Nf3 Nf6 3. e3 Bg4 4. Nc3 e6 5. Bd3 Bb4 6. Bd2 Nbd7 7. e4 Bxc3 8.
Bxc3 dxe4 9. Bc4 Qe7 10. h3 exf3 11. hxg4 fxg2 12. Rg1 O-O-O 13. Rxg2 Nb6 14.
Qe2 Nxc4 15. Qxc4 Rd7 16. O-O-O Rhd8 17. f3 Nd5 18. Re2 Qf6 19. Rf1 g6 20. Bd2
Nb6 21. Qc3 Qxd4 22. Qxd4 Rxd4 23. Rd1 Nc4 24. c3 Rxd2 25. Rdxd2 Nxd2 26. Rxd2
Rxd2 27. Kxd2 Kd7 28. Ke3 Kd6 29. Kd4 e5+ 30. Ke3 f5 31. gxf5 gxf5 32. f4 e4
33. a3 h5 34. Kf2 Kd5 35. Kg3 Kc4 36. Kh4 e3 37. Kg3 Kd3 38. Kh4 e2 39. Kxh5
e1=Q 40. Kg5 Ke4 41. b3 Qe3 42. c4 Qxf4+ 43. Kg6 Ke5 0-1

[Event "DVM U14w 2019"]
[Site "Neumünster GER"]
[Date "2019.12.28"]
[Round "4"]
[White "Alscher, Anouk"]
[Black "Kießling, Luisa"]
[Result "1-0"]
[Termination "normal"]
[Board "5.3"]
[WhiteElo "1110"]
[BlackElo "865"]
[WhiteTeam "Lübecker SV von 1873"]
[BlackTeam "SC Leipzig-Lindenau"]
[PlyCount "109"]
[WhiteFideId "16217292"]
[BlackFideId "16298420"]
[EventCountry "GER"]
[EventRounds "7"]
[EventType "team-swiss"]
[EventDate "2019.12.26"]

1. e4 e5 2. Nf3 Nc6 3. Bc4 Nf6 4. Nc3 Bc5 5. d3 O-O 6. Bg5 h6 7. Bxf6 Qxf6 8.
Nd5 Qd8 9. O-O d6 10. h3 Be6 11. a3 Na5 12. Ba2 c6 13. Nc3 Bxa2 14. Rxa2 Qb6
15. b4 Bd4 16. Nxd4 Qxd4 17. Ne2 Qb6 18. bxa5 Qxa5 19. Ng3 Qd8 20. Qg4 g6 21.
Nf5 Qf6 22. Nxh6+ Kg7 23. Nf5+ Kg8 24. h4 Kh8 25. Ng3 Kg8 26. h5 Kg7 27. hxg6
fxg6 28. Nh5+ Kg8 29. Nxf6+ Rxf6 30. c4 Raf8 31. Qd7 R6f7 32. Qxd6 Rh7 33. Qxe5
Kf7 34. Qc7+ Kg8 35. Qe5 Kf7 36. d4 Rfh8 37. f3 Rh1+ 38. Kf2 R1h2 39. Qc7+ Kg8
40. Qxb7 R8h7 41. Qxc6 g5 42. d5 Kg7 43. d6 Rh8 44. d7 Rd8 45. e5 Rhh8 46. e6
Kf6 47. Re1 Ke7 48. Rd2 Rhg8 49. Qd6+ Kf6 50. e7+ Kf7 51. exd8=Q Rxd8 52. Qe7+
Kg6 53. Qxd8 Kh5 54. Qg8 a5 55. Rh1# 1-0

[Event "DVM U14w 2019"]
[Site "Neumünster GER"]
[Date "2019.12.28"]
[Round "4"]
[White "Göllnitz, Cölestine"]
[Black "Rosin, Ida"]
[Result "0-1"]
[Termination "normal"]
[Board "5.4"]
[WhiteElo "800"]
[BlackElo "1389"]
[WhiteTeam "SC Leipzig-Lindenau"]
[BlackTeam "Lübecker SV von 1873"]
[PlyCount "52"]
[WhiteFideId "16298438"]
[BlackFideId "16273214"]
[EventCountry "GER"]
[EventRounds "7"]
[EventType "team-swiss"]
[EventDate "2019.12.26"]

1. e4 e5 2. Nf3 Nc6 3. Nc3 Nf6 4. Bc4 Nxe4 5. Nxe4 d5 6. Bd3 dxe4 7. Bxe4 Bd7
8. d3 Be7 9. Be3 O-O 10. O-O Bg4 11. Qe2 Nd4 12. Bxd4 exd4 13. Qd2 Qd6 14. Rfe1
c6 15. Rab1 Rad8 16. a3 f5 17. Qd1 fxe4 18. dxe4 Bxf3 19. e5 Qg6 20. Qxf3 Rxf3
21. g3 Qxc2 22. Rf1 Rdf8 23. Rbe1 Rxf2 24. Rxf2 Qxf2+ 25. Kh1 Qxe1+ 26. Kg2
Qf1# 0-1

[Event "DVM U14w 2019"]
[Site "Neumünster GER"]
[Date "2019.12.28"]
[Round "4"]
[White "Prinzen, Siri Marleen"]
[Black "Yue, Qizhou"]
[Result "1/2-1/2"]
[Termination "normal"]
[Board "6.1"]
[WhiteElo "1631"]
[BlackElo "1784"]
[WhiteTeam "SK Tarrasch 1945 München"]
[BlackTeam "SV Multatuli Ingelheim e.V."]
[PlyCount "105"]
[WhiteFideId "16265912"]
[BlackFideId "16273800"]
[EventCountry "GER"]
[EventRounds "7"]
[EventType "team-swiss"]
[EventDate "2019.12.26"]

1. e4 c5 2. Be2 Nc6 3. f4 g6 4. Nf3 Bg7 5. O-O d6 6. c3 e5 7. d3 Nf6 8. Na3 O-O
9. Nc4 Qc7 10. Nh4 Be6 11. f5 Bxc4 12. dxc4 Nxe4 13. fxg6 hxg6 14. Bf3 Nf6 15.
Bd5 Nxd5 16. Qxd5 Ne7 17. Qf3 Qc6 18. Qg3 Qe4 19. b3 Nf5 20. Nxf5 gxf5 21. h3
f4 22. Qg4 Qg6 23. Qd7 Rab8 24. Bb2 Rfd8 25. Qa4 a6 26. Rad1 Bh6 27. Bc1 Kh7
28. Qa3 Rg8 29. Qb2 Rbd8 30. Qe2 Qe6 31. Qe4+ Qg6 32. Qe2 Rg7 33. Kh1 Rdg8 34.
Rf2 Bg5 35. Rg1 Bh4 36. Rf3 Bg3 37. Rff1 Kh8 38. Rd1 Rh7 39. Bd2 Qe6 40. Qf1
Rg6 41. Be1 Rgh6 42. Bxg3 fxg3 43. Ra1 f5 44. Qf3 f4 45. Rge1 Qf5 46. Kg1 Qh5
47. Qxh5 Rxh5 48. Rad1 R5h6 49. Kf1 f3 50. gxf3 Rxh3 51. Kg2 R3h6 52. a3 Rg6
53. Rh1 1/2-1/2

[Event "DVM U14w 2019"]
[Site "Neumünster GER"]
[Date "2019.12.28"]
[Round "4"]
[White "von Beckh, Frieda"]
[Black "Winkler, Sarah"]
[Result "0-1"]
[Termination "normal"]
[Board "6.2"]
[WhiteElo "1513"]
[BlackElo "1307"]
[WhiteTeam "SV Multatuli Ingelheim e.V."]
[BlackTeam "SK Tarrasch 1945 München"]
[PlyCount "110"]
[WhiteFideId "16233751"]
[BlackFideId "16274431"]
[EventCountry "GER"]
[EventRounds "7"]
[EventType "team-swiss"]
[EventDate "2019.12.26"]

1. e4 e5 2. Nf3 Nc6 3. d4 exd4 4. Bc4 Nf6 5. e5 d5 6. exd6 Bxd6 7. O-O O-O 8.
Bg5 h6 9. Bh4 Bg4 10. Nbd2 Ne5 11. Be2 Ng6 12. Bxf6 Qxf6 13. Ne4 Qf4 14. Nxd6
Qxd6 15. Qxd4 Qxd4 16. Nxd4 Rad8 17. Bxg4 Rxd4 18. Bf5 c6 19. Rad1 Rdd8 20. h3
Rfe8 21. Rfe1 Rxe1+ 22. Rxe1 Kf8 23. Be4 Ne7 24. Bd3 Nd5 25. Re4 b6 26. Ba6 Nf6
27. Rc4 c5 28. Kf1 Rd2 29. a3 Nd5 30. Ke1 Rd4 31. Rxd4 cxd4 32. Ke2 Nf4+ 33.
Kf3 Ne6 34. Ke4 Nc5+ 35. Kxd4 Nxa6 36. Kd5 Nb8 37. Kd6 Ke8 38. Kc7 Nd7 39. Kb7
a5 40. Kc6 Ke7 41. b4 axb4 42. axb4 f5 43. f4 Ke6 44. g4 fxg4 45. hxg4 g6 46.
f5+ gxf5 47. gxf5+ Ke7 48. Kd5 Kf6 49. Ke4 Kg5 50. c4 h5 51. c5 bxc5 52. bxc5
Nxc5+ 53. Ke5 Nd7+ 54. Ke4 Kg4 55. Ke3 Kg3 0-1

[Event "DVM U14w 2019"]
[Site "Neumünster GER"]
[Date "2019.12.28"]
[Round "4"]
[White "Semenchenko, Simona"]
[Black "Albrecht, Angelique"]
[Result "0-1"]
[Termination "normal"]
[Board "6.3"]
[WhiteElo "919"]
[BlackElo "1219"]
[WhiteTeam "SK Tarrasch 1945 München"]
[BlackTeam "SV Multatuli Ingelheim e.V."]
[PlyCount "56"]
[WhiteFideId "16298314"]
[BlackFideId "16298284"]
[EventCountry "GER"]
[EventRounds "7"]
[EventType "team-swiss"]
[EventDate "2019.12.26"]

1. e4 e5 2. Nf3 Nc6 3. Nc3 Nf6 4. Bb5 d6 5. O-O Bg4 6. h3 Bh5 7. d3 h6 8. Be3
Be7 9. d4 a6 10. dxe5 dxe5 11. Bxc6+ bxc6 12. g4 Bg6 13. Qe2 O-O 14. Rfd1 Bd6
15. Nxe5 Nxe4 16. Nxe4 Bxe4 17. Qc4 Bd5 18. Nxc6 Bxc4 19. Nxd8 Raxd8 20. Rd4
Be2 21. Kg2 Rfe8 22. Re1 Bb5 23. c4 Bc6+ 24. Kg1 Bb4 25. Re2 Rxd4 26. Bxd4 Rxe2
27. Kf1 Bf3 28. a3 Re1# 0-1

[Event "DVM U14w 2019"]
[Site "Neumünster GER"]
[Date "2019.12.28"]
[Round "4"]
[White "Stepanjan, Marianne"]
[Black "Hubert, Charlotte"]
[Result "0-1"]
[Termination "normal"]
[Board "7.1"]
[WhiteElo "1414"]
[BlackElo "1415"]
[WhiteTeam "TuRa Harksheide von 1945 Norderstedt e.V."]
[BlackTeam "Hamburger SK"]
[PlyCount "82"]
[WhiteFideId "16246110"]
[BlackFideId "16265920"]
[EventCountry "GER"]
[EventRounds "7"]
[EventType "team-swiss"]
[EventDate "2019.12.26"]

1. e4 c5 2. Nf3 e6 3. Bb5 Nc6 4. c3 a6 5. Ba4 b5 6. Bc2 Qc7 7. d4 cxd4 8. cxd4
Nf6 9. O-O Be7 10. h3 Bb7 11. a3 Rc8 12. Nc3 Na5 13. g3 d6 14. Bf4 Nh5 15. Bc1
Nf6 16. Bd3 Nc4 17. d5 exd5 18. exd5 O-O 19. Bf5 Rcd8 20. Bg5 Rfe8 21. Ra2 Nd7
22. Qc1 Nde5 23. Nh4 Bxg5 24. Qxg5 Qe7 25. Qxe7 Rxe7 26. b3 Na5 27. Rb2 g5 28.
Ng2 Nf3+ 29. Kh1 Nd4 30. Ne4 Nxf5 31. Nxg5 Bxd5 32. f3 Nxb3 33. Kh2 Bc4 34.
Rff2 d5 35. g4 Nfd4 36. Nf4 h6 37. Nxd5 Rxd5 38. Ne4 Nxf3+ 39. Rxf3 Rxe4 40.
Rbf2 Rd2 41. Rxf7 Bxf7 0-1

[Event "DVM U14w 2019"]
[Site "Neumünster GER"]
[Date "2019.12.28"]
[Round "4"]
[White "Modali, Nikhilamrutha"]
[Black "Foos, Vanessa"]
[Result "0-1"]
[Termination "normal"]
[Board "7.2"]
[WhiteElo "1112"]
[BlackElo "1309"]
[WhiteTeam "Hamburger SK"]
[BlackTeam "TuRa Harksheide von 1945 Norderstedt e.V."]
[PlyCount "70"]
[WhiteFideId "16282370"]
[BlackFideId "16245270"]
[EventCountry "GER"]
[EventRounds "7"]
[EventType "team-swiss"]
[EventDate "2019.12.26"]

1. e4 Nf6 2. e5 Nd5 3. d4 d6 4. Nf3 Nb6 5. Bd3 g6 6. Be3 Bg7 7. Nc3 Nc6 8. Bf4
dxe5 9. dxe5 O-O 10. Qd2 Be6 11. a3 Qd7 12. O-O-O Bg4 13. Qe3 Qc8 14. h3 Be6
15. Kb1 Nd7 16. g4 a6 17. Bh6 Bxh6 18. Qxh6 f6 19. exf6 Nxf6 20. Ng5 Ne5 21.
Nce4 Rf7 22. Nxf7 Nxf7 23. Nxf6+ exf6 24. Qf4 Bd5 25. Rh2 Qe6 26. h4 Re8 27. f3
Qc6 28. Rh3 g5 29. Qf5 gxh4 30. Qxh7+ Kf8 31. Bg6 Qc4 32. Rxh4 Qa2+ 33. Kc1 Re2
34. Qh8+ Nxh8 35. Rxh8+ Kg7 0-1

[Event "DVM U14w 2019"]
[Site "Neumünster GER"]
[Date "2019.12.28"]
[Round "4"]
[White "Chen, Michelle"]
[Black "Wu, Yvonne Yihan"]
[Result "0-1"]
[Termination "normal"]
[Board "7.3"]
[WhiteElo "1072"]
[BlackElo "1083"]
[WhiteTeam "TuRa Harksheide von 1945 Norderstedt e.V."]
[BlackTeam "Hamburger SK"]
[PlyCount "74"]
[WhiteFideId "16275403"]
[BlackFideId "16298330"]
[EventCountry "GER"]
[EventRounds "7"]
[EventType "team-swiss"]
[EventDate "2019.12.26"]

1. d4 Nf6 2. c4 g6 3. Nc3 d6 4. Nf3 Bg7 5. e3 O-O 6. b3 Nbd7 7. Bb2 c5 8. Be2
e5 9. Nd2 Re8 10. Nce4 Qc7 11. O-O exd4 12. Bd3 Ne5 13. Nxf6+ Bxf6 14. Ne4 Qe7
15. Rc1 Nxd3 16. Qxd3 Qxe4 17. Qxe4 Rxe4 18. exd4 cxd4 19. Rce1 Bf5 20. Rxe4
Bxe4 21. f3 Bc2 22. Rf2 Bb1 23. Ba1 Re8 24. Rd2 Re1+ 25. Kf2 Rc1 26. g4 Rc2 27.
Rxc2 Bxc2 28. b4 d3 29. Bxf6 d2 30. Be7 d1=Q 31. c5 dxc5 32. bxc5 Qd4+ 33. Kg2
Qd2+ 34. Kh3 f5 35. Kh4 Qe1+ 36. Kg5 Qxe7+ 37. Kh6 Qh4# 0-1

[Event "DVM U14w 2019"]
[Site "Neumünster GER"]
[Date "2019.12.28"]
[Round "4"]
[White "Krasikova, Milana"]
[Black "Körle, Jolina"]
[Result "1-0"]
[Termination "normal"]
[Board "7.4"]
[WhiteElo "1082"]
[BlackElo "790"]
[WhiteTeam "Hamburger SK"]
[BlackTeam "TuRa Harksheide von 1945 Norderstedt e.V."]
[PlyCount "68"]
[WhiteFideId "16287347"]
[BlackFideId "16298357"]
[EventCountry "GER"]
[EventRounds "7"]
[EventType "team-swiss"]
[EventDate "2019.12.26"]

1. e4 e5 2. Nf3 Nc6 3. Nc3 Bc5 4. Bb5 Nf6 5. d3 h6 6. O-O O-O 7. Bxc6 bxc6 8.
Nxe5 Ba6 9. Ng4 d6 10. Qf3 Bd4 11. Be3 Bc5 12. Nxf6+ Qxf6 13. Qxf6 gxf6 14.
Bxh6 Rab8 15. b3 Bd4 16. Bd2 Be5 17. Rab1 Kg7 18. Ne2 Rh8 19. Bf4 d5 20. Bxe5
fxe5 21. exd5 cxd5 22. Nc3 d4 23. Nd5 Rhc8 24. Ne7 Re8 25. Nc6 Bc8 26. Nxa7 Bf5
27. Rfe1 Re6 28. Nb5 c6 29. Nc7 Rg6 30. Rxe5 Bh3 31. g3 f6 32. Rc5 Rg5 33. Rxc6
Re5 34. b4 Rh5 {nicht vervollständigbar} 1-0

[Event "DVM U14w 2019"]
[Site "Neumünster GER"]
[Date "2019.12.28"]
[Round "4"]
[White "Roncea, Andreea-Alexandra"]
[Black "Bräutigam, Katerina"]
[Result "1/2-1/2"]
[Termination "normal"]
[Board "8.1"]
[WhiteElo "1591"]
[BlackElo "1660"]
[WhiteTeam "SC Papenburg"]
[BlackTeam "Elmshorner SC von 1896"]
[PlyCount "119"]
[WhiteFideId "16233115"]
[BlackFideId "16242980"]
[EventCountry "GER"]
[EventRounds "7"]
[EventType "team-swiss"]
[EventDate "2019.12.26"]

1. e4 d5 2. exd5 Qxd5 3. Nc3 Qa5 4. d4 Nf6 5. Nf3 Bf5 6. h3 e6 7. g4 Bg6 8. Ne5
Ne4 9. Bd2 Nxd2 10. Qxd2 c6 11. a3 Bb4 12. O-O-O Bxc3 13. Qxc3 Qxc3 14. bxc3
Nd7 15. f4 Nf6 16. Bg2 Be4 17. Rhg1 Bxg2 18. Rxg2 Nd5 19. Rg3 Nxf4 20. Rf3 g5
21. Nd3 Nxd3+ 22. cxd3 Ke7 23. Rdf1 Raf8 24. Kd2 h5 25. gxh5 Rxh5 26. c4 Rh7
27. Rb1 b6 28. c5 b5 29. a4 a6 30. axb5 axb5 31. Ra1 Rc8 32. Ra7+ Kf8 33. Rf6
Rg7 34. Kc3 Kg8 35. Rb7 Ra8 36. Kb3 Rh7 37. d5 Rxh3 38. dxc6 Rxd3+ 39. Kc2 Rd5
40. Rf3 Rxc5+ 41. Rc3 Ra2+ 42. Kd3 Rd5+ 43. Ke3 Rh2 44. Rc1 Rh3+ 45. Kf2 Rd2+
46. Kg1 Rg3+ 47. Kh1 Rh3+ 48. Kg1 Rhh2 49. c7 Rdg2+ 50. Kf1 Kg7 51. c8=Q Rf2+
52. Kg1 Rhg2+ 53. Kh1 Rh2+ 54. Kg1 Rhg2+ 55. Kh1 Rh2+ 56. Kg1 Rfg2+ 57. Kf1
Rf2+ 58. Kg1 Rfg2+ 59. Kf1 Rf2+ 60. Kg1 1/2-1/2

[Event "DVM U14w 2019"]
[Site "Neumünster GER"]
[Date "2019.12.28"]
[Round "4"]
[White "Margaryan, Susanna"]
[Black "Zöllner, Bente"]
[Result "0-1"]
[Termination "normal"]
[Board "8.2"]
[WhiteElo "1395"]
[BlackElo "1630"]
[WhiteTeam "Elmshorner SC von 1896"]
[BlackTeam "SC Papenburg"]
[PlyCount "74"]
[WhiteFideId "16268210"]
[BlackFideId "16230523"]
[EventCountry "GER"]
[EventRounds "7"]
[EventType "team-swiss"]
[EventDate "2019.12.26"]

1. c4 Nf6 2. Nf3 g6 3. g3 Bg7 4. Bg2 O-O 5. O-O d5 6. cxd5 Nxd5 7. Nc3 c5 8. e4
Nf6 9. d3 Nc6 10. Be3 b6 11. h3 Bb7 12. a3 a6 13. Qc2 Rc8 14. Qe2 Qc7 15. Rfd1
Rfd8 16. Rac1 Nd7 17. Ne1 Nd4 18. Bxd4 Bxd4 19. Kh2 Nf8 20. f4 Bg7 21. b4 Ne6
22. bxc5 bxc5 23. Nf3 Nd4 24. Nxd4 Bxd4 25. Qd2 Rd7 26. Ne2 Rcd8 27. Rc4 a5 28.
Ra4 Bg7 29. Qxa5 Qxa5 30. Rxa5 Rxd3 31. Rxd3 Rxd3 32. Rxc5 Rd2 33. Nc3 Bxc3 34.
Rxc3 Bxe4 35. h4 Rxg2+ 36. Kh1 Rxg3+ 37. Kh2 Rxc3 0-1